| 000 | 01360nam0a2200325 4500 | ||
|---|---|---|---|
| 001 | RU\NLR\bibl\1159376 | ||
| 005 | 20250615082349.0 | ||
| 010 |
_a978-5-222-12109-2 _bВ пер. _93000 |
||
| 021 |
_aRU _b2007-63146 _93368 |
||
| 035 | _a(NLR Aleph) 001146130 | ||
| 090 |
_a1448364 _c1448364 |
||
| 100 | _a20070920d2007 |||y0rusy50 ca | ||
| 101 | 0 | _arus | |
| 102 | _aRU | ||
| 105 | _ay z ||||| | ||
| 200 | 1 |
_aАдминистративные регламенты _eнормативный навигатор для населения _f[сост. Л. Ю. Грудцына] |
|
| 210 |
_aРостов-на-Дону _cФеникс _d2007 |
||
| 215 |
_a503, [1] с. _d21 |
||
| 225 | 1 | _aСерия "Консультирует юрист" | |
| 606 | 1 |
_aАдминистративные регламенты _yРоссийская Федерация _92498324 _3RU\NLR\auth\661481937 |
|
| 610 | 0 | _aГосударство и право. Юридические науки -- Российская Федерация -- Сборник нормативных актов | |
| 686 |
_aХ62-321.2 _2rubbk |
||
| 686 | _aХ621.011-8 | ||
| 702 | 1 |
_aГрудцына _bЛ. Ю. _gЛюдмила Юрьевна _4220 |
|
| 801 | 0 |
_aRU _bРКП _c20070920 _grcr |
|
| 801 | 1 |
_aRU _bРГБ _c20070920 |
|
| 801 | 2 |
_aRU _bNLR _c20071123 _grcr |
|
| 942 | _cBOOK | ||
| 980 | _aNB | ||